00439 2200181 4500001002100000005001500021035002000036245003300056100001600089260003500105082000800140084001400148990001900162990001900181990001900200990001900219990001900238INLIS00000000000048520250901115313 a0010-09250000061 aPengantar Ekonomi Perusahaan0 aEdlius, dkk aJakarta :bRineka Cipta,c1999 a330 a330 EDL p a300.1999.00204 a300.1999.00205 a300.1999.00206 a300.1999.00207 a300.1999.00208